000 00894nam a2200265Ia 4500
003 OSt
005 20220923210955.0
006 a|||||r|||| 00| 0
007 ta
008 220922b |||||||| |||| 00| 0 hin d
020 _a8126704764 (hbk)
024 _a223,085
037 _cTextual
040 _aARTS
_cARTS
_bhin
041 _2hin
_ahin
082 _aO152,1M86x, P2
100 _aनवल, नन्दकिशोर, संपा.
_9156713
245 0 _aमैथलीशरण संचयिता
246 _aMaithalīsharaṇ sanchayitā
260 _aनयी दिल्ली
_b राजकमल प्रकाशन
_c2002
300 _a303पृ.
_ccm.
650 _aहिन्दी साहित्य
_9156264
942 _hO152,1M86x, P2
_cTEXL
_2CC
999 _c293361
_d293361